| 000 | 00649nam a2200217 i 4500 | ||
|---|---|---|---|
| 001 | 137591 | ||
| 003 | ES-MaACL | ||
| 005 | 20250811063145.0 | ||
| 007 | t| | ||
| 008 | 070214s1967 mx r ||||1| spa d | ||
| 100 | 1 |
_aSalazar, Adolfo, _d1890-1958 _9101798 |
|
| 245 | 1 | 3 |
_aLa música orquestal en el siglo XX / _cpor Adolfo Salazar. |
| 250 | _a2ª ed. | ||
| 260 |
_aMéxico : _bFondo de Cultura Económica, _c1967. |
||
| 300 |
_a169 p., 6 lám. ; _c18 cm. |
||
| 490 | 1 | _aBreviarios | |
| 650 | 4 |
_aMúsica orquestal- _yS.XX. _9169552 |
|
| 830 | 0 |
_aBreviarios _9186377 |
|
| 852 |
_aES-MaACL _jE-8717 _bR.93036 |
||
| 999 |
_c137591 _d137591 |
||